1847 1378 1899 1924 1577 1522 1735 1728 1079 1165 1580 1554 1727 1043 1558 1768 1893 1579 1731 1675 1996 1438 1267 1388 1929 1019 1815 1706 1658 1757 1866 1620 1670 1549 1703 1709 1420 1428 1313 1034 1370 1750 1627 1728 1205 1500 1008 1830 1318 1080 1603 1718 1937 1710 1963 1491 1798 1518 1697 1709 1729 1974 1328 1416 1181 1667 1285 1807 1531 1471 1261 1826 1203 1484 1588 1803 1401 1053 1580 1375 1965 1546 1426 1471 1870 1449 1905 1190 1618 1009 1867 1522 1589 1997 1044 1930 1412 1259 1828 BCNSPRNW ULIB Ver.6.0+V

เปลี่ยนเป็นภาษาไทย

Change to English
 แสดงรายละเอียดบรรณานุกรม
  กลับหน้าหลัก

Brief Record : Get Marc (ISO 2709) : E-mail record : QR code < ปิดหน้าต่าง
LEADER : 00000nam 2200000uu 4500
001    13399113514
003     ULIB
008    110627s2551||||th 000 0 tha d
020    9789740417378
090    นว.^bY111ฝ
100 0  Yayoi
245 00 ฝากฟ้าเคียงดิน/^cYayoi
250    พิมพ์ครั้งที่ 2
260    กรุงเทพฯ :^bแจ่มใส,^c2551
300    339 หน้า
710 1  แจ่มใส
945    ^p209^l0^i024668
995    ทศพร
999 ^a ใช้งานได้ทุกระบบ
รายการนี้ยังไม่มีแท็ก
คุณยังไม่ได้ล็อกอิน คุณสามารถมีกิจกรรมร่วมกับเว็บไซต์ได้ แต่ต้องล็อกอินก่อน ::
  ล็อกอิน

รายการสื่อสารสนเทศ

ลำดับที่ ประเภท เลขเรียก/บาร์โค้ด สถานที่ สถานะ
1. นวนิยาย
นวนิยาย
นว. Y111ฝ ฉ.1 
  Barcode: 024668
ห้องสมุดวิทยาเขตสวรรค์ประชารักษ์
►นวนิยาย
บนชั้น
  ขอยืม

รายการใกล้เคียง
    ผู้แต่ง [Yayoi]

BibComment


ยังไม่เคยถูกคอมเมนท์

คอมเมนท์ทรัพยากรรายการนี้
  คอมเมนท์: ฝากฟ้าเคียงดิน Ya..


 Copyright 2026. Bcnsprnw @Library